000 01040nam a2200349 a 4500
001 000108546
003 CHAP
005 20220329144016.0
008 140224s2013 it a |r| ||||||eng d
010 _a105008
011 _a105980
020 _a9789251076101
040 _cCHAP
082 0 4 _a612.3
_bF21y
245 1 0 _aEating well for good health :
_blessons on nutrition and healthy diets /
_cpor Valeria Menza y Claudia Probart.
260 _aRoma :
_bFAO,
_c2013.
300 _axvi, 340 p :
_bil.
590 _aBATCH-UPD
_b05
_c20140224
_lUCH01
_h0927
590 _aE11695DGD
_b10
_c20141008
_lUCH01
_h1201
590 _aE5995AHE
_b05
_c20140224
_lUCH01
_h0911
590 _aE5995AHE
_b05
_c20140224
_lUCH01
_h0926
650 1 4 _aAlimentos sanos.
_9125567
650 1 4 _aDietas.
_932541
650 1 4 _aHábitos alimenticios.
_955679
650 1 4 _aNutrición humana.
_9125570
650 1 4 _aSalud.
_9101807
700 1 _aMenza, Valeria
_9125568
700 1 _aProbart, Claudia
_9125569
901 _aBK
942 _cLIBRO
942 _n0
999 _c105008
_d105008